LEADER 01262nam a2200277 i 4500 001 000000253918 003 CaOOAMICUS 005 20170419000000.0 008 170419s2002 it u000 u ita u 013 $a232823 020 $a88-01-02143-7 040 $aSeMil$bita 100 1 $aBrossier, François.$0(OLS)http://semarc/name/15720 240 13$aLa Bible dit-elle vrai?.$0(OLS)http://semarc/title/410782 245 13$aLa Bibbia dice il vero? :$bquesta storia è vera o è una favola, come i miti dell'antichità? /$cFrançois Brossier. 260 $aLeumann (TO) :$bElledici,$c2002. 300 $a156 p. ;$c21 cm. 490 0 $aBiblioteca di cultura religiosa ;$v5 650 4$aBibbia - Storicità.$0(OLS)http://semarc/subject/27307 830 0$aBiblioteca di cultura religiosa ;$v5.$0(OLS)http://semarc/title/85 850 $aSeMil 852 $aSeMil$W1$xVenegono$y1$m2W VII 78$j204264$B204264$CSeMilBibl$Z2$F218139 $81 961 $aOmaggio: Lorenzi don Ugo 996 $6020$a88-01-02143-7$9(OLS)http://semarc/number/276916 996 $6245$aLa Bibbia dice il vero? :$bquesta storia è vera o è una favola, come i miti dell'antichità?$9(OLS)http://semarc/title/410781 996 $6260$aLeumann (TO) :$bElledici$9(OLS)http://semarc/publisher/29715 LEADER 00906nam a2200241 i 4500 001 000000086237 003 CaOOAMICUS 005 20130821000000.0 008 130821s1977 xx u000 u und u 013 $a58477 020 $a88-221- 040 $aSeMil$bita 100 1 $aKant, Immanuel,$d<1724-1804>.$0(OLS)http://semarc/name/2543 245 10$aCritica del giudizio. Antologia. 260 $aFirenze :$bLa Nuova Italia,$c1977. 300 $a115 p. 650 4$aEstetica.$0(OLS)http://semarc/subject/618 700 1 $aMigliorini, Ermanno.$0(OLS)http://semarc/name/26760 850 $aSeMil 852 $aSeMil$W1$xVenegono$y1$m64 10 103 *$j49967$B49967$CSeMilBibl$Z2$F53836 $81 996 $6020$a88-221-$9(OLS)http://semarc/number/66422 996 $6245$aCritica del giudizio. Antologia$9(OLS)http://semarc/title/132613 996 $6260$aFirenze :$bLa Nuova Italia$9(OLS)http://semarc/publisher/30055